[Event "EU-ch U18 Girls"]
[Site "Bratislava"]
[Date "2019.08.10"]
[Round "9"]
[White "Louka, Magdalini"]
[Black "Maksimovic, Masa"]
[Result "0-1"]
[WhiteElo "1740"]
[BlackElo "2136"]
[PlyCount "210"]
[EventDate "2019.08.02"]
[EventType "swiss"]
[EventRounds "9"]
[EventCountry "SVK"]
[SourceTitle "CBM 191 Extra"]
[Source "ChessBase"]
[SourceDate "2019.09.30"]
[SourceVersion "1"]
[SourceVersionDate "2019.09.30"]
[SourceQuality "1"]

1. e4 g6 2. d4 Bg7 3. Nc3 d6 4. f4 a6 5. Nf3 b5 6. Bd3 Nd7 7. 0-0 c5 8. dxc5 Nxc5 9. Be3 Nxd3 10. cxd3 Nf6 11. h3 0-0 12. Qe2 Bb7 13. a3 Rc8 14. Rac1 Re8 15. Nd2 Qd7 16. d4 Ba8 17. Kh1 Rb8 18. b4 Rec8 19. Qd3 Qb7 20. d5 Qd7 21. Nb3 e6 22. dxe6 Qxe6 23. Nd4 Qd7 24. Nf3 Re8 25. Nd2 Qe7 26. Bd4 Rbc8 27. Rce1 Qb7 28. Re2 Rcd8 29. Rfe1 Qc8 30. Rf1 Bc6 31. Rfe1 Qb7 32. Nb3 Qd7 33. Nd2 Rb8 34. Rf1 Rbc8 35. Rfe1 Ba8 36. Rf1 Bb7 37. Rfe1 Ra8 38. Rf1 Bc6 39. Rfe1 Rac8 40. Rf1 Bb7 41. Nb3 Rc4 42. Na5 Rxd4 43. Qxd4 Nxe4 44. Qd3 Bxc3 45. Nxb7 Qxb7 46. Rxe4 Qxe4 47. Qxc3 Qc4 48. Qf3 Qe2 49. Qxe2 Rxe2 50. Rd1 Re6 51. Rd3 Kf8 52. Kh2 Ke7 53. Kg3 f5 54. Kf3 Re4 55. g3 Ke6 56. Rc3 Kd7 57. Rd3 Rc4 58. g4 Kc6 59. Re3 Kd5 60. Rd3+ Rd4 61. Rc3 Rd2 62. Ke3 Rh2 63. Rd3+ Kc4 64. Rd4+ Kb3 65. Rd3+ Kc2 66. Rxd6 Rxh3+ 67. Kf2 fxg4 68. Rxa6 Rf3+ 69. Kg2 Rxf4 70. Kg3 Rf5 71. Kxg4 Kb3 72. Ra7 h5+ 73. Kh4 Rf4+ 74. Kg3 Rg4+ 75. Kh3 Rd4 76. Ra6 g5 77. Rb6 Rd5 78. Ra6 Re5 79. Ra5 g4+ 80. Kh4 Kc4 81. Ra7 Kd4 82. a4 bxa4 83. Rxa4 Kc4 84. b5+ Kxb5 85. Rd4 Kc5 86. Rd8 Rd5 87. Re8 Kd4 88. Re1 Re5 89. Rd1+ Ke4 90. Re1+ Kd5 91. Rd1+ Ke6 92. Rf1 Rf5 93. Re1+ Kd5 94. Rd1+ Ke4 95. Re1+ Kd3 96. Re8 Kd2 97. Re7 Rf3 98. Kxh5 g3 99. Rg7 Ke2 100. Kh4 Kf2 101. Kh3 Rf8 102. Rg6 Rh8+ 103. Kg4 g2 104. Rf6+ Ke3 105. Re6+ Kd4 0-1

[Event "EU-ch U18 Girls 28th"]
[Site "Riga"]
[Date "2018.08.20"]
[Round "1"]
[White "Palma, Maria"]
[Black "Louka, Magdalini"]
[Result "1-0"]
[WhiteElo "2075"]
[BlackElo "1749"]
[PlyCount "69"]
[EventDate "2018.08.20"]
[EventType "swiss"]
[EventRounds "9"]
[EventCountry "LAT"]
[SourceTitle "CBM 186 Extra"]
[Source "ChessBase"]
[SourceDate "2018.08.24"]
[SourceVersion "1"]
[SourceVersionDate "2018.08.24"]
[SourceQuality "1"]

1. c4 e5 2. g3 Nf6 3. Bg2 d5 4. cxd5 Nxd5 5. Nf3 Nc6 6. 0-0 Nb6 7. b3 Be7 8. Bb2 f6 9. d4 exd4 10. Nxd4 Nxd4 11. Bxd4 0-0 12. Nc3 Re8 13. Rc1 Bf8 14. e4 c6 15. Ne2 Bg4 16. f3 Be6 17. Qc2 Qc7 18. Be3 Ba3 19. Rcd1 Rac8 20. Nd4 Bf7 21. Nf5 Bg6 22. Bh3 Rcd8 23. b4 Bxf5 24. Bxf5 Qf7 25. Qc3 Nc4 26. Bxa7 b5 27. Bc5 Bb2 28. Qc2 Be5 29. a4 bxa4 30. Rxd8 Rxd8 31. Qxa4 g6 32. Bh3 Qe8 33. Qa2 Qf7 34. Rc1 Nd2 35. Be6 1-0

[Event "GRE-ch (Women) 40th"]
[Site "Thessaloniki"]
[Date "2018.01.02"]
[Round "1"]
[White "Drakaki, Anna Maria"]
[Black "Louka, Magdalini"]
[Result "1-0"]
[WhiteElo "1900"]
[BlackElo "1792"]
[PlyCount "76"]
[EventDate "2018.01.02"]
[EventType "tourn"]
[EventRounds "9"]
[EventCountry "GRE"]
[SourceTitle "CBM 182 Extra"]
[Source "ChessBase"]
[SourceDate "2018.02.23"]
[SourceVersion "1"]
[SourceVersionDate "2018.02.23"]
[SourceQuality "1"]

1. e4 c5 2. Nf3 g6 3. d4 cxd4 4. Nxd4 Bg7 5. c4 Nc6 6. Be3 Nf6 7. Nc3 0-0 8. Be2 d6 9. Qd2 Bd7 10. 0-0 Nxd4 11. Bxd4 Bc6 12. f3 a5 13. b3 Nd7 14. Be3 Nc5 15. Rab1 Be5 16. Bd4 Bxd4+ 17. Qxd4 e5 18. Qe3 Ne6 19. Rfd1 Nd4 20. Bf1 Qe7 21. Ne2 Ne6 22. Qd3 Rfd8 23. a3 Qd7 24. Nc3 Nd4 25. b4 axb4 26. axb4 b6 27. Ra1 Ba4 28. Nd5 Qb7 29. Rd2 b5 30. Rda2 bxc4 31. Qe3 Bc6 32. Nf6+ Kg7 33. Rxa8 Rxa8 34. Rxa8 Qxa8 35. Ng4 Qd8 36. Bxc4 Ne6 37. b5 Bb7 38. Bd5 Bxd5 1-0

[Event "Wch U20 Girls 35th"]
[Site "Tarvisio"]
[Date "2017.11.24"]
[Round "10"]
[White "Koljevic, Nikolina"]
[Black "Louka, Magdalini"]
[Result "1/2-1/2"]
[WhiteElo "1837"]
[BlackElo "1955"]
[PlyCount "84"]
[EventDate "2017.11.13"]
[EventType "swiss"]
[EventRounds "11"]
[EventCountry "ITA"]
[SourceTitle "CBM 181 Extra"]
[Source "ChessBase"]
[SourceDate "2017.12.12"]
[SourceVersion "1"]
[SourceVersionDate "2017.12.12"]
[SourceQuality "1"]

1. e4 c5 2. Nf3 g6 3. d4 cxd4 4. Qxd4 Nf6 5. e5 Nc6 6. Qa4 Nd5 7. Qe4 Nb6 8. Bb5 Bg7 9. 0-0 0-0 10. Nc3 a6 11. Bxc6 dxc6 12. Rd1 Qc7 13. Bf4 Be6 14. Nd4 Nd5 15. Nxe6 fxe6 16. Bg3 Rad8 17. Qg4 Rf5 18. Ne2 c5 19. c4 Nb4 20. Nf4 Rxd1+ 21. Rxd1 Qc8 22. Re1 Nc2 23. Re4 Qc6 24. Qe2 Nd4 25. Qd3 Qb6 26. b3 Rf8 27. Ne2 Nc6 28. Nc3 Rd8 29. Qc2 Nd4 30. Qb2 Qb4 31. h3 Bh6 32. Kh2 Rf8 33. Ne2 Nf5 34. Bf4 Bxf4+ 35. Rxf4 Rd8 36. Nc3 Nd4 37. Re4 Rf8 38. Re3 Qa5 39. Kg1 Rd8 40. Rd3 Qc7 41. Re3 Qa5 42. Rd3 Qc7 1/2-1/2

[Event "Wch U20 Girls 35th"]
[Site "Tarvisio"]
[Date "2017.11.19"]
[Round "6"]
[White "February, Jesse Nikki"]
[Black "Louka, Magdalini"]
[Result "0-1"]
[WhiteElo "1874"]
[BlackElo "1955"]
[PlyCount "86"]
[EventDate "2017.11.13"]
[EventType "swiss"]
[EventRounds "11"]
[EventCountry "ITA"]
[SourceTitle "CBM 181 Extra"]
[Source "ChessBase"]
[SourceDate "2017.12.12"]
[SourceVersion "1"]
[SourceVersionDate "2017.12.12"]
[SourceQuality "1"]

1. e4 c5 2. Nf3 g6 3. d4 cxd4 4. Qxd4 Nf6 5. e5 Nc6 6. Qa4 Nd5 7. Qe4 Nb6 8. Bf4 Bg7 9. Nc3 0-0 10. 0-0-0 d6 11. exd6 Bf5 12. dxe7 Qxe7 13. Qxe7 Nxe7 14. Be5 Bh6+ 15. Kb1 Nc6 16. Bd6 Rfd8 17. Bb5 Rac8 18. Nh4 Be6 19. Ne4 Bg7 20. Bc5 Nd4 21. Bxd4 Bxd4 22. Nf3 Bg7 23. Nd6 Rc5 24. Be2 Rd7 25. Ne4 Ra5 26. a3 Rad5 27. Rxd5 Rxd5 28. Rd1 Rxd1+ 29. Bxd1 Nc4 30. c3 Bd5 31. Bc2 f5 32. Nc5 Bxf3 33. gxf3 Nd2+ 34. Kc1 Nxf3 35. Nxb7 Nxh2 36. Kd2 h5 37. b4 h4 38. Bb3+ Kf8 39. Bd5 Ng4 40. Nd8 Ke7 41. Ne6 Bh6+ 42. f4 Nf6 43. Nc7 Bxf4+ 0-1

[Event "Wch U20 Girls 35th"]
[Site "Tarvisio"]
[Date "2017.11.17"]
[Round "5"]
[White "Louka, Magdalini"]
[Black "Vanduyfhuys, Daria"]
[Result "0-1"]
[WhiteElo "1955"]
[BlackElo "1755"]
[PlyCount "78"]
[EventDate "2017.11.13"]
[EventType "swiss"]
[EventRounds "11"]
[EventCountry "ITA"]
[SourceTitle "CBM 181 Extra"]
[Source "ChessBase"]
[SourceDate "2017.12.12"]
[SourceVersion "1"]
[SourceVersionDate "2017.12.12"]
[SourceQuality "1"]

1. e4 c5 2. Nf3 Nc6 3. d4 cxd4 4. Nxd4 e5 5. Nb5 d6 6. c4 Be7 7. N1c3 a6 8. Na3 Nf6 9. Nc2 Be6 10. Bd3 0-0 11. 0-0 Rc8 12. b3 Nd7 13. Bb2 Bg5 14. Ba3 Nc5 15. Qe2 Qf6 16. Rad1 Rfd8 17. Nd5 Bxd5 18. cxd5 Ne7 19. b4 Na4 20. Ra1 b5 21. Bc1 Rc7 22. Bxg5 Qxg5 23. g3 Nc3 24. Qe3 h6 25. Qb6 Rdc8 26. Qe3 f5 27. Qxg5 hxg5 28. f3 g4 29. Ne3 gxf3 30. Nxf5 Nxf5 31. exf5 e4 32. Bxe4 Nxe4 33. Rxf3 Rc3 34. Rf4 Nf6 35. Rd1 Rc2 36. a3 Re8 37. Rf2 Rc3 38. Ra2 Re5 39. Kg2 Nxd5 0-1

[Event "Wch U20 Girls 35th"]
[Site "Tarvisio"]
[Date "2017.11.16"]
[Round "4"]
[White "Greibrokk, Ingrid Andrea"]
[Black "Louka, Magdalini"]
[Result "1/2-1/2"]
[WhiteElo "1868"]
[BlackElo "1955"]
[PlyCount "105"]
[EventDate "2017.11.13"]
[EventType "swiss"]
[EventRounds "11"]
[EventCountry "ITA"]
[SourceTitle "CBM 181 Extra"]
[Source "ChessBase"]
[SourceDate "2017.12.12"]
[SourceVersion "1"]
[SourceVersionDate "2017.12.12"]
[SourceQuality "1"]

1. c4 c5 2. g3 g6 3. Bg2 Bg7 4. Nf3 Nc6 5. 0-0 e6 6. e3 Nge7 7. Nc3 0-0 8. d4 cxd4 9. Nxd4 d5 10. cxd5 exd5 11. Nce2 Ne5 12. b3 Bg4 13. Ba3 Re8 14. h3 Be6 15. Qd2 Qd7 16. Rac1 Bxh3 17. Bxh3 Qxh3 18. Nf4 Qd7 19. Bxe7 Rxe7 20. Rc5 Qg4 21. Qe2 Qxe2 22. Ndxe2 Rd7 23. Rd1 Rad8 24. Rcxd5 Rxd5 25. Rxd5 Rxd5 26. Nxd5 f5 27. Nd4 Kf7 28. Kf1 Nd3 29. Nb5 a6 30. Nbc3 Bxc3 31. Nxc3 Ke6 32. Ke2 Nc5 33. f3 b5 34. Kd2 g5 35. b4 Nd7 36. e4 Ne5 37. Ke2 Nc6 38. Nd5 Ke5 39. Ke3 fxe4 40. fxe4 h5 41. Kd3 h4 42. gxh4 gxh4 43. Ke3 h3 44. Kf3 h2 45. Kg2 Kxe4 46. Nc7 Nxb4 47. a3 Nc2 48. Nxa6 Nxa3 49. Kxh2 Kd4 50. Kg2 Kc4 51. Kf2 Nc2 52. Ke2 Nb4 53. Nc7 1/2-1/2

[Event "EU-ch U16 Girls 27th"]
[Site "Mamaia"]
[Date "2017.09.12"]
[Round "7"]
[White "Duson, Robin"]
[Black "Louka, Magdalini"]
[Result "1/2-1/2"]
[WhiteElo "1962"]
[BlackElo "1814"]
[PlyCount "96"]
[EventDate "2017.09.05"]
[EventType "swiss"]
[EventRounds "9"]
[EventCountry "ROU"]
[SourceTitle "CBM 180 Extra"]
[Source "ChessBase"]
[SourceDate "2017.10.06"]
[SourceVersion "1"]
[SourceVersionDate "2017.10.06"]
[SourceQuality "1"]

1. e4 c5 2. Nf3 g6 3. c3 Bg7 4. d4 cxd4 5. cxd4 d5 6. e5 Nc6 7. Bb5 Nh6 8. Bxc6+ bxc6 9. 0-0 0-0 10. Re1 f6 11. e6 Nf5 12. Nc3 Qd6 13. Qe2 c5 14. dxc5 Qxc5 15. Qb5 Qxb5 16. Nxb5 Rd8 17. g4 Nd6 18. Nfd4 Nxb5 19. Nxb5 a6 20. Nd4 Bb7 21. Be3 Rac8 22. Re2 Rc4 23. Rd1 Rc7 24. f4 Bh6 25. f5 Bxe3+ 26. Rxe3 gxf5 27. gxf5 Kh8 28. h4 Rg8+ 29. Kh2 Rg4 30. Kh3 h5 31. Rg3 Rxg3+ 32. Kxg3 Rc4 33. Kf4 a5 34. Ke3 a4 35. Rd3 Rc1 36. Kd2 Rh1 37. Nf3 d4 38. Nxd4 Rxh4 39. Kc3 Rf4 40. b4 axb3 41. axb3 Be4 42. Rh3 h4 43. b4 Bg2 44. Rh2 h3 45. Kd3 Rf1 46. Ke3 Kg7 47. b5 Rb1 48. Nf3 Kf8 1/2-1/2

[Event "GRE-ch U16 Girls"]
[Site "Achaia"]
[Date "2017.06.28"]
[Round "4"]
[White "Vozinaki, Anthi Maria"]
[Black "Louka, Magdalini"]
[Result "1-0"]
[WhiteElo "1837"]
[BlackElo "1703"]
[PlyCount "45"]
[EventDate "2017.06.26"]
[EventType "swiss"]
[EventRounds "9"]
[EventCountry "GRE"]
[SourceTitle "CBM 179 Extra"]
[Source "ChessBase"]
[SourceDate "2017.08.23"]
[SourceVersion "1"]
[SourceVersionDate "2017.08.23"]
[SourceQuality "1"]

1. e4 e5 2. Nf3 Nc6 3. d4 exd4 4. Bc4 Bb4+ 5. c3 dxc3 6. 0-0 d6 7. Qb3 Qe7 8. Nxc3 Bxc3 9. bxc3 Nf6 10. Bg5 0-0 11. Bd5 Ne5 12. Nxe5 dxe5 13. Rfe1 h6 14. Bc1 Nxd5 15. exd5 Qf6 16. Ba3 Rd8 17. Re3 b6 18. Rae1 Bb7 19. Rxe5 Rd7 20. c4 c6 21. Qh3 Rc7 22. d6 Bc8 23. Qd3 1-0

[Event "Paleochora op 9th"]
[Site "Paleochora"]
[Date "2016.07.20"]
[Round "1"]
[White "Louka, Magdalini"]
[Black "Rychagov, Andrey"]
[Result "0-1"]
[WhiteElo "1654"]
[BlackElo "2558"]
[PlyCount "56"]
[EventDate "2016.07.20"]
[EventType "swiss"]
[EventRounds "9"]
[EventCountry "GRE"]
[SourceTitle "EXT 2017"]
[Source "ChessBase"]
[SourceDate "2016.10.25"]
[SourceVersion "1"]
[SourceVersionDate "2016.10.25"]
[SourceQuality "1"]

1. e4 c5 2. Nf3 e6 3. d4 cxd4 4. Nxd4 a6 5. c4 Nf6 6. Nc3 d6 7. Be2 Be7 8. 0-0 0-0 9. Be3 Qc7 10. Kh1 b6 11. f3 Nbd7 12. Nc2 Bb7 13. Qd2 Rac8 14. Rfd1 Ne5 15. Na3 Rfd8 16. Qd4 Nfd7 17. Bg1 Nc5 18. Qe3 Bc6 19. b4 Na4 20. Nxa4 Bxa4 21. Rdc1 Nd7 22. b5 axb5 23. cxb5 Nc5 24. Bd1 Bf6 25. Rab1 Ra8 26. Nc2 d5 27. Be2 d4 28. Qd2 d3 0-1